God's human speech : (Record no. 420)
[ view plain ]
| 000 -LEADER | |
|---|---|
| fixed length control field | 01079cam a2200289 a 4500 |
| 001 - CONTROL NUMBER | |
| control field | 3069827 |
| 003 - CONTROL NUMBER IDENTIFIER | |
| control field | GZU |
| 005 - DATE AND TIME OF LATEST TRANSACTION | |
| control field | 20200826094542.0 |
| 008 - FIXED-LENGTH DATA ELEMENTS--GENERAL INFORMATION | |
| fixed length control field | 970321s1997 miu b 001 0 eng |
| 010 ## - LIBRARY OF CONGRESS CONTROL NUMBER | |
| LC control number | 97010577 |
| 020 ## - INTERNATIONAL STANDARD BOOK NUMBER | |
| International Standard Book Number | 0802843352 (pbk. : alk. paper) |
| 040 ## - CATALOGING SOURCE | |
| Original cataloging agency | DLC |
| Transcribing agency | DLC |
| Modifying agency | DLC |
| 050 00 - LIBRARY OF CONGRESS CALL NUMBER | |
| Classification number | BV4211.2 |
| Item number | .BAR 1997 |
| 100 1# - MAIN ENTRY--PERSONAL NAME | |
| Personal name | Bartow, Charles L. |
| Relator term | author |
| 245 10 - TITLE STATEMENT | |
| Title | God's human speech : |
| Remainder of title | a practical theology of proclamation / |
| Statement of responsibility, etc. | Charles L. Bartow. |
| 260 ## - PUBLICATION, DISTRIBUTION, ETC. | |
| Place of publication, distribution, etc. | Grand Rapids, Mich. : |
| Name of publisher, distributor, etc. | W. B. Eerdmans Pub., |
| Date of publication, distribution, etc. | c1997. |
| 300 ## - PHYSICAL DESCRIPTION | |
| Extent | xiv, 189 p. ; |
| Dimensions | 23 cm. |
| 500 ## - GENERAL NOTE | |
| General note | Includes bibliographical references (p. 170-179) and indexes. |
| 504 ## - BIBLIOGRAPHY, ETC. NOTE | |
| Bibliography, etc. note | Includes bibliographical references (p. 170-179) and indexes. |
| 630 00 - SUBJECT ADDED ENTRY--UNIFORM TITLE | |
| Uniform title | Bible |
| General subdivision | Inspiration. |
| 650 #0 - SUBJECT ADDED ENTRY--TOPICAL TERM | |
| Topical term or geographic name entry element | Preaching. |
| 650 #0 - SUBJECT ADDED ENTRY--TOPICAL TERM | |
| Topical term or geographic name entry element | Word of God (Christian theology) |
| 650 #0 - SUBJECT ADDED ENTRY--TOPICAL TERM | |
| Topical term or geographic name entry element | Revelation |
| General subdivision | Christianity. |
| 906 ## - LOCAL DATA ELEMENT F, LDF (RLIN) | |
| a | 7 |
| b | cbc |
| c | orignew |
| d | 1 |
| e | ocip |
| f | 19 |
| g | y-gencatlg |
| 942 ## - ADDED ENTRY ELEMENTS (KOHA) | |
| Source of classification or shelving scheme | Library of Congress Classification |
| Koha item type | Books |
| Classification part | 4211.2 |
| Item part | BAR |
| Call number prefix | BV |
| Withdrawn status | Lost status | Source of classification or shelving scheme | Damaged status | Not for loan | Collection code | Home library | Current library | Shelving location | Date acquired | Total Checkouts | Full call number | Barcode | Date last seen | Copy number | Price effective from | Koha item type | Source of acquisition | Inventory number |
|---|---|---|---|---|---|---|---|---|---|---|---|---|---|---|---|---|---|---|
| Library of Congress Classification | Non-fiction | City Campus Library | City Campus Library | General Stacks | 05/21/2013 | BV4211.2 BAR 1997 | 008104 | 08/26/2020 | c. 1 | 08/26/2020 | Books | |||||||
| Non-fiction | Mashava Campus Library | Mashava Campus Library | General Stacks | 05/05/2021 | BV4211. BAR 1997 | 008109 | 05/05/2021 | C.2 | 05/05/2021 | Books | Purchase | 15612 | ||||||
| Non-fiction | Mashava Campus Library | Mashava Campus Library | General Stacks | 05/05/2021 | BV4211. BAR 1997 | 008108 | 05/05/2021 | C.3 | 05/05/2021 | Books | Purchase | 15611 |